000 00275nam a2200109Ia 4500
008 220204s9999 xx 000 0 und d
082 _a929A/Z(NOR)
_bBHA
100 _aBhandari, R S
245 0 _aTenzing Norgay
260 _aNew Delhi
_bChildrens Book Trust
_c1972
942 _cBK
999 _c31502
_d31502